00497nam a2200193 a 4500001001300000003000900013005001700022008004100039020001000080082001300090100001600103245002100119260004300140300000800183500003500191505004900226650001200275700001600287nice12345678IN_TiNIC20260116014439.0050524s2002 muma grd 000 0 eng  ac19900a823bBES aBesson, Luc aJoan of Arc (CD) aMumbaibAsia Vision Home Pvt.Ltdc2002 a00p aincludes index and biblioraphy2 aM/s, Sony Music Entertainment, India Pvt.Ltd aFiction1 aBesson, Luc